000 00748nam a2200205Ia 4500
003 IN-BaIIA
008 211028s9999 xx 000 0 eng d
020 _a92-9092-796-8
040 _cIIA Library
080 _a524.7(082.2)
_bESA
111 _aEuropean Space Agency
_cLondon, U.K.
_d1999 Sept. 22-24
_925555
245 0 _aCluster - II multiscale/multipoint plasma measurements
_bproceedings conference multiscale/multipoint plasma measurements held in London, U.K., September 22-24, 1999
_cedited by R. A. Harris
260 _aNetherlands
_bEuropean Space Agency
_c1999
300 _aix, 421p.
490 _aESA SP-449
650 _aCluster
_925556
650 _aPlasma Measurements
_925557
700 _aHarris, R. A., ed.
_925558
942 _cBK
999 _c14409
_d14409